| 000 | 00621nam a2200181Ia 4500 | ||
|---|---|---|---|
| 003 | GCL | ||
| 008 | 140319s9999 xx 000 0 ara d | ||
| 040 |
_aGCL / _cGCL |
||
| 082 | 0 | 4 |
_a025.43 _bق ن |
| 100 | 1 | _aقاسم محمد كوفحى | |
| 245 | 1 | 0 |
_aنظام تصنيف مكتبة الكونغرس : _bدليل عملى للمكتبين وطلاب المكتبات / _cقاسم محمد كوفحى |
| 700 | 1 | _aعدنان عبدالله جلامنه | |
| 300 | _a238 ص | ||
| 650 | 0 | 4 | _aالتصنيف |
| 650 | 0 | 4 | _aالمكتبات، علم |
| 650 | 0 | 4 | _aتصنيف مكتبة الكونجرس |
| 942 |
_2ddc _cBK |
||
| 999 |
_c49099 _d49099 |
||